| 000 | 00477nam a22001937a 4500 | ||
|---|---|---|---|
| 003 | OSt | ||
| 005 | 20180116183009.0 | ||
| 008 | 150831b xxu||||| |||| 00| 0 eng d | ||
| 040 |
_a0 _c0 |
||
| 050 | _a813.54 GRI 1999 | ||
| 082 | _a813.54 GRI 1999 | ||
| 100 | _aJohn Grisham | ||
| 245 |
_aThe Testament _cJohn Grisham |
||
| 260 |
_aIsland _bFiction _c1999 |
||
| 300 |
_a533 P. _bPB |
||
| 440 | _aThe Testament | ||
| 500 | _apaper cover | ||
| 942 |
_2ddc _cBK _k813.54 GRI 1999 |
||
| 999 |
_c350188 _d350188 |
||